000 00515nam a2200169Ia 4500
008 231217s9999 xx 000 0 und d
020 _a8178812118
041 _aEnglish
082 _a657 SEE.10;5
100 _aSeethapathi, K. Padmavathi, C. Srinivas, N ed.
245 0 _aAccounting standards V.10 : long term debt, accounting for derivatives
260 _c2003
_bIcfai
_aHyderabad
300 _avii, 200
400 _aAccounting series
650 _aAccounting,standards,V.10,long,term,debt
942 _cAA
999 _c187957
_d187957